[Event "15th London Classic Open"]
[Site "London ENG"]
[Date "2025.12.01"]
[Round "7.31"]
[White "Abdulla, Murad"]
[Black "Vu Dinh, Adrien"]
[Result "0-1"]
[WhiteTitle "FM"]
[WhiteElo "2324"]
[BlackElo "2281"]
[WhiteFideId "2403757"]
[BlackFideId "45186995"]
[EventDate "2025.11.27"]

1. Nf3 Nf6 2. g3 g6 3. Bg2 Bg7 4. c4 O-O 5. d4 d6 6. Nc3 Nbd7 7. O-O e5 8. h3
Re8 9. e4 b6 10. Qc2 exd4 11. Nxd4 Bb7 12. Rd1 Nc5 13. f3 a5 14. b3 c6 15. g4
Nfd7 16. Nde2 d5 17. Bf4 dxc4 18. bxc4 Ba6 19. Rd6 Qc8 20. Rad1 Be5 21. Bxe5
Nxe5 22. Na4 Nxa4 23. Qxa4 Nxc4 24. Rd7 Ne5 25. R7d2 Nc4 26. Rd7 Ne5 27. R7d2
Bxe2 28. Rxe2 g5 29. Red2 Re6 30. Qd4 Qc7 31. h4 h6 32. hxg5 hxg5 33. Qe3 Rg6
34. Bf1 Kg7 35. Qc3 Rf6 36. f4 gxf4 37. g5 Rg6 38. Rd7 Rxg5+ 39. Kf2 Qb8 40. Bc4
b5 41. Rxf7+ Kg6 42. Qh3 Qb6+ 43. Ke2 Qe3+ 44. Qxe3 fxe3 45. Rd6+ Kh5 46. Rh7+
Kg4 47. Be6+ Kf4 48. Rh4+ Kg3 49. Rh3+ Kg2 50. Rd1 Rf8 51. Rhh1 Nf3 52. Bh3+ Kg3
53. Kxe3 Rc5 54. Bf5 Rc3+ 55. Rd3 Rxd3+ 56. Kxd3 Kf4 57. Rh6 Rd8+ 58. Kc3 Rd1
59. Kc2 Rd2+ 60. Kc3 Rxa2 61. Rxc6 b4+ 62. Kb3 Nd4+ 63. Kxa2 Nxc6 64. Bg6 Nd4
65. Kb2 Ke5 66. Ka2 a4 67. Be8 a3 68. Bg6 Nf3 69. Bf7 Nd2 70. Bg6 Kd4 71. Bh7
Nxe4 72. Kb3 Nd2+ 73. Ka2 Kc3 74. Bg8 Nc4 75. Ka1 b3 76. Bh7 Ne3 77. Bb1 Nc2+
78. Bxc2 bxc2 79. Ka2 c1=R 80. Kxa3 Ra1# 0-1

[Event "15th London Classic Open"]
[Site "London ENG"]
[Date "2025.12.01"]
[Round "7.32"]
[White "Houska, Jovanka"]
[Black "Khoo-Thwe, Louis"]
[Result "1-0"]
[WhiteTitle "IM"]
[BlackTitle "CM"]
[WhiteElo "2320"]
[BlackElo "2225"]
[WhiteFideId "405094"]
[BlackFideId "1538756"]
[EventDate "2025.11.27"]

1. d4 Nf6 2. Nf3 d5 3. c3 c5 4. dxc5 e6 5. Be3 a5 6. Nbd2 Na6 7. g3 Be7 8. Bg2
O-O 9. O-O Nxc5 10. c4 b6 11. Nb3 Bb7 12. cxd5 Nxd5 13. Nxc5 bxc5 14. Bd2 Qb6
15. Ne5 Rfd8 16. Nc4 Qc7 17. a3 Nb6 18. Bf4 Rxd1 19. Rfxd1 e5 20. Bxe5 Qc8 21.
Nxb6 Qe6 22. Nxa8 Bxg2 23. Kxg2 Qxe5 24. Nb6 h5 25. Nd5 h4 26. Nxe7+ Qxe7 27.
Rd2 g5 28. Rad1 c4 29. gxh4 gxh4 30. Rd8+ Kh7 31. R1d4 Qg5+ 32. Kh3 Qf5+ 33. Kg2
Qg5+ 34. Kf3 h3 35. R8d5 Qg2+ 36. Ke3 Qxh2 37. Rg5 Kh6 38. Rg3 Kh5 39. Rd8 1-0

[Event "15th London Classic Open"]
[Site "London ENG"]
[Date "2025.12.01"]
[Round "7.33"]
[White "Badacsonyi, Stanley"]
[Black "Gallana, Marco"]
[Result "1/2-1/2"]
[WhiteTitle "FM"]
[WhiteElo "2316"]
[BlackElo "2225"]
[WhiteFideId "486973"]
[BlackFideId "824542"]
[EventDate "2025.11.27"]

1. d4 Nf6 2. c4 e6 3. g3 d5 4. Nf3 Bd6 5. Bg2 O-O 6. O-O Nc6 7. b3 dxc4 8. bxc4
e5 9. Bb2 exd4 10. Nxd4 Nxd4 11. Bxd4 Qe7 12. Nc3 c6 13. Bxf6 gxf6 14. Qc2 f5
15. e3 Be5 16. Rab1 Be6 17. Ne2 Qc5 18. Rxb7 Qxc4 19. Rc1 Qxc2 20. Rxc2 Rfb8 21.
Bxc6 Rxb7 22. Bxb7 Rb8 23. Bf3 Rb5 24. Kg2 Ra5 25. Nc1 Ra3 26. Bc6 Kg7 27. Kf1
a6 28. Bf3 f4 29. gxf4 Bxf4 30. h4 Be5 31. Kg2 Bf6 32. h5 Kh6 33. Nb3 a5 34. Nc1
Rc3 35. Rxc3 Bxc3 36. a4 Kg5 37. Nd3 Bg4 38. Bxg4 Kxg4 39. h6 Kg5 40. e4 Kxh6
41. f4 Bd4 42. Kf3 Kg6 1/2-1/2

[Event "15th London Classic Open"]
[Site "London ENG"]
[Date "2025.12.01"]
[Round "7.34"]
[White "Panda, Barnabas"]
[Black "Bhagat Kush"]
[Result "0-1"]
[BlackTitle "FM"]
[WhiteElo "2099"]
[BlackElo "2381"]
[WhiteFideId "799556"]
[BlackFideId "46672940"]
[EventDate "2025.11.27"]

1. d4 d5 2. c4 c6 3. Nf3 Nf6 4. Nc3 dxc4 5. a4 Bf5 6. e3 e6 7. Bxc4 Bb4 8. O-O
O-O 9. Qe2 Bg6 10. e4 Bxc3 11. bxc3 Nxe4 12. Ba3 Re8 13. Qe3 Nd7 14. Rfd1 Qc7
15. Nh4 Nef6 16. Nxg6 hxg6 17. Bb3 Rac8 18. Rac1 c5 19. Qg5 Qb6 20. Bc4 a6 21.
Rd3 cxd4 22. Rxd4 Rxc4 23. Rxc4 Qb3 24. Rb4 Qxa3 25. Rxb7 Qxa4 26. h3 Rc8 27.
Qd2 Qc6 28. Rb2 Nb6 29. Ra2 a5 30. c4 Nxc4 31. Qe2 Nd5 32. Rxa5 Nxa5 33. Rxc6
Nxc6 34. Qa6 Nce7 35. g3 g5 36. Qd3 f6 37. Qe4 Kf7 38. Qa4 Rc7 39. Kg2 Ng6 40.
Qb5 Ne5 41. Qb1 g4 42. Qe4 Rc4 43. Qe2 gxh3+ 44. Kxh3 Rc3 45. Kg2 Ke7 46. Qa2
Ng4 47. Qa7+ Rc7 48. Qd4 Rc2 49. Qa7+ Kf8 50. Qb8+ Kf7 51. Qb7+ Kg6 52. Qb1 f5 0-1

[Event "15th London Classic Open"]
[Site "London ENG"]
[Date "2025.12.01"]
[Round "7.35"]
[White "Otsuka, Shou"]
[Black "Yoon, Jacob D"]
[Result "1-0"]
[WhiteTitle "FM"]
[BlackTitle "CM"]
[WhiteElo "2335"]
[BlackElo "2160"]
[WhiteFideId "7004702"]
[BlackFideId "446076"]
[EventDate "2025.11.27"]

1. e4 c5 2. Nc3 Nc6 3. Nge2 d6 4. g3 g6 5. Bg2 Bg7 6. O-O e6 7. d3 Nge7 8. Bg5
h6 9. Be3 Nd4 10. Rb1 Nec6 11. Qd2 Rb8 12. f4 b5 13. f5 b4 14. fxe6 bxc3 15.
exf7+ Ke7 16. Nxc3 Be6 17. Nd5+ Bxd5 18. exd5 Ne5 19. b4 Bf6 20. Rxf6 Kxf6 21.
Rf1+ Nf5 22. bxc5 Kg7 23. Bf4 Nxf7 24. g4 Nh4 25. Qc3+ Kg8 26. Be4 Qc8 27. h3 h5
28. Bg3 Qd8 29. Rf6 Rb1+ 30. Kf2 g5 31. Bxh4 Rh6 32. Bxg5 Ne5 33. Rg6+ Rxg6 34.
Bxd8 Rg7 35. cxd6 1-0

[Event "15th London Classic Open"]
[Site "London ENG"]
[Date "2025.12.01"]
[Round "7.36"]
[White "Carroll, Peter"]
[Black "Balaji, Aaravamudhan"]
[Result "0-1"]
[WhiteTitle "FM"]
[BlackTitle "IM"]
[WhiteElo "2165"]
[BlackElo "2305"]
[WhiteFideId "2510243"]
[BlackFideId "436224"]
[EventDate "2025.11.27"]

1. e4 e5 2. Nf3 Nc6 3. Bb5 a6 4. Ba4 Nf6 5. O-O Be7 6. Re1 b5 7. Bb3 O-O 8. a4
Rb8 9. axb5 axb5 10. c3 d6 11. d4 exd4 12. cxd4 d5 13. e5 Ne4 14. Nc3 Nxc3 15.
bxc3 Bf5 16. Qe2 h6 17. Be3 Qd7 18. h3 Nd8 19. Ra7 Ne6 20. Rea1 Rb6 21. Ne1 Qc6
22. Qa2 Be4 23. Rc1 Rd8 24. f3 Bf5 25. g4 Bg6 26. Ng2 Bd3 27. Qd2 Bc4 28. Bc2
Ra8 29. Rxa8+ Qxa8 30. f4 b4 31. cxb4 Bxb4 32. Qf2 Qa2 33. h4 Ba3 34. Rd1 Rb2
35. Rd2 c5 36. dxc5 d4 37. Bxd4 Nxd4 38. Qxd4 Rxc2 39. Rxc2 Qxc2 40. Ne3 Qc1+
41. Kh2 Be2 42. e6 fxe6 43. Qe4 Qxc5 44. Qxe6+ Kh8 45. g5 Qd6 46. Qe8+ Qf8 47.
Qe4 h5 48. g6 Qd8 49. f5 Bd3 50. Qa4 Bc5 51. Ng2 Bxf5 52. Qc2 0-1

[Event "15th London Classic Open"]
[Site "London ENG"]
[Date "2025.12.01"]
[Round "7.37"]
[White "Koster, Ramon"]
[Black "Farberov, Maxim"]
[Result "1-0"]
[WhiteTitle "FM"]
[WhiteElo "2302"]
[BlackElo "2133"]
[WhiteFideId "1008544"]
[BlackFideId "2070944"]
[EventDate "2025.11.27"]

1. d4 d6 2. Nf3 Nf6 3. c4 g6 4. Nc3 Bg7 5. e4 O-O 6. Be2 e5 7. O-O Na6 8. Be3 c6
9. d5 Ng4 10. Bg5 f6 11. Bh4 c5 12. Ne1 Nh6 13. Rb1 Nf7 14. Bg4 Nc7 15. a3 b6
16. Bxc8 Qxc8 17. f3 f5 18. exf5 gxf5 19. Nc2 Qd7 20. Ne3 Bh6 21. Bf2 Bxe3 22.
Bxe3 f4 23. Bf2 Nh6 24. b4 Rab8 25. Ne4 Kh8 26. Rb2 Nf5 27. Qb1 Rbc8 28. bxc5
dxc5 29. Qd1 Qg7 30. a4 Na6 31. a5 Nb4 32. axb6 axb6 33. Kh1 Ra8 34. Rg1 Ra3 35.
Rd2 Rg8 36. g3 fxg3 37. Nxg3 Qf7 38. Qe2 Re8 39. Ne4 h6 40. f4 exf4 41. d6 Qb7
42. d7 Rd8 43. Rd6 Kh7 44. Rg2 Nxd6 45. Nf6+ Kh8 46. Qe7 Ra1+ 47. Bg1 1-0

[Event "15th London Classic Open"]
[Site "London ENG"]
[Date "2025.12.01"]
[Round "7.38"]
[White "Hanache, Kai"]
[Black "Kalavannan, Koby"]
[Result "1-0"]
[BlackTitle "FM"]
[WhiteElo "2122"]
[BlackElo "2275"]
[WhiteFideId "490105"]
[BlackFideId "425753"]
[EventDate "2025.11.27"]

1. e4 c5 2. Nf3 Nc6 3. Bb5 d5 4. Qe2 dxe4 5. Ne5 Qd5 6. Nxc6 bxc6 7. Nc3 Qd7 8.
Qxe4 Bb7 9. Bc4 Nf6 10. Qe2 e6 11. d3 Qc7 12. Bg5 Nd5 13. Ne4 f6 14. Bh4 O-O-O
15. Bg3 Qa5+ 16. Nd2 e5 17. O-O-O h5 18. f3 Ba6 19. a3 Kb7 20. Nb3 Qb6 21. Be1
Bxc4 22. dxc4 Nf4 23. Qe4 Rxd1+ 24. Kxd1 Qd8+ 25. Kc1 Qd7 26. Bf2 Ne6 27. c3 Kb6
28. Rd1 Qe8 29. a4 g6 30. Kb1 Rh7 31. Ka2 Rb7 32. f4 Ka6 33. Rd2 Rxb3 34. Kxb3
Nxf4 35. Ka2 f5 36. Qf3 g5 37. Qd1 e4 38. Rd8 Qf7 39. Rxf8 Qxf8 40. Qd7 Qa8 41.
b4 cxb4 42. cxb4 Nd3 43. b5+ Ka5 44. Ka3 Qb8 45. Qxc6 Nb4 46. Be1 Qf8 47. Qa6# 1-0

[Event "15th London Classic Open"]
[Site "London ENG"]
[Date "2025.12.01"]
[Round "7.39"]
[White "Itkin, David"]
[Black "Stone, Andrew M"]
[Result "1-0"]
[WhiteElo "2272"]
[BlackElo "2122"]
[WhiteFideId "2611813"]
[BlackFideId "404985"]
[EventDate "2025.11.27"]

1. e4 c6 2. c4 d5 3. exd5 cxd5 4. cxd5 Nf6 5. Nc3 Nxd5 6. Nf3 Nc6 7. Bb5 g6 8.
Qa4 Nb6 9. Bxc6+ bxc6 10. Qxc6+ Bd7 11. Qe4 Bg7 12. O-O O-O 13. b3 Rc8 14. Ba3
Bc6 15. Qxe7 Bxf3 16. gxf3 Qxd2 17. Ne4 Qf4 18. Rae1 Rfd8 19. Bc1 Qxf3 20. Re3
Qg4+ 21. Rg3 Qe6 22. Qh4 Rd4 23. f3 h5 24. Rg2 f5 25. Qh3 Qd7 26. Nf2 Rc6 27.
Bb2 Rd2 28. Bxg7 Qxg7 29. Qh4 Kh7 30. Re1 Nc8 31. Nh3 Qd4+ 32. Qxd4 Rxd4 33.
Ng5+ Kh6 34. h3 h4 35. Re8 Rd1+ 36. Kh2 Rcc1 37. Rh8+ Kg7 38. Rxh4 Nd6 39. Ra4
f4 40. Ne6+ Kf6 41. Nxf4 Rh1+ 42. Kg3 Nf5+ 43. Kf2 Rhf1+ 44. Ke2 Rfe1+ 45. Kd3
g5 46. Ra6+ Ke5 47. Ng6+ Kd5 48. Ra5+ Ke6 49. Nf8+ Kf6 50. Nh7+ Kg6 51. Rxg5+
Kxh7 52. Raxf5 Red1+ 53. Ke4 Rd7 54. h4 Re1+ 55. Kf4 Rd4+ 56. Kg3 Rg1+ 57. Kf2
Rxg5 58. hxg5 Rd2+ 59. Kg3 Rxa2 60. f4 Ra3 61. Rb5 a5 62. Rb7+ Kg8 63. Kg4 a4
64. bxa4 Rxa4 65. g6 Ra5 66. f5 Ra1 67. Kg5 Ra8 68. Kh6 Rf8 69. f6 Ra8 70. f7+ 1-0

[Event "15th London Classic Open"]
[Site "London ENG"]
[Date "2025.12.01"]
[Round "7.40"]
[White "Dignam, Matthew"]
[Black "Rushbrooke, Remy"]
[Result "1-0"]
[WhiteTitle "CM"]
[WhiteElo "2214"]
[BlackElo "2119"]
[WhiteFideId "2501422"]
[BlackFideId "443590"]
[EventDate "2025.11.27"]

1. e4 c5 2. Nf3 Nc6 3. Bb5 Nf6 4. Bxc6 dxc6 5. d3 g6 6. O-O Bg7 7. Nc3 O-O 8.
Be3 b6 9. h3 e5 10. a4 a5 11. Qd2 Ne8 12. Nh2 Nc7 13. Bh6 Ne6 14. Ng4 f6 15.
Bxg7 Kxg7 16. Ne2 Nd4 17. Nxd4 Qxd4 18. Qh6+ Kg8 19. c3 Qd6 20. Rad1 Bxg4 21.
hxg4 Qe6 22. d4 cxd4 23. cxd4 Qxg4 24. dxe5 fxe5 25. Rd6 Rad8 26. f3 Qc8 27.
Rxg6+ hxg6 28. Qxg6+ Kh8 29. Kf2 Rxf3+ 30. gxf3 Rd2+ 31. Kg3 1-0

[Event "15th London Classic Open"]
[Site "London ENG"]
[Date "2025.12.01"]
[Round "7.41"]
[White "Pollack, Oscar"]
[Black "Li, Harry"]
[Result "1-0"]
[WhiteElo "2099"]
[BlackElo "2206"]
[WhiteFideId "429414"]
[BlackFideId "430145"]
[EventDate "2025.11.27"]

1. e4 e5 2. Nf3 Nc6 3. Bb5 a6 4. Ba4 Nf6 5. O-O b5 6. Bb3 Bc5 7. a4 Rb8 8. c3 d6
9. d4 Bb6 10. a5 Ba7 11. h3 Bb7 12. Be3 Nxe4 13. Re1 Ne7 14. dxe5 Bxe3 15. Rxe3
O-O 16. Nbd2 Nc5 17. Bc2 Nd5 18. Re1 Nf4 19. Ne4 Nxe4 20. Bxe4 Bxe4 21. Rxe4
dxe5 22. Nxe5 Qg5 23. Qf3 Rbe8 24. Rae1 Ng6 25. Nd7 Rxe4 26. Qxe4 Rd8 27. Qe8+
Nf8 28. f4 Qh4 29. Nxf8 Rxe8 30. Rxe8 1-0

[Event "15th London Classic Open"]
[Site "London ENG"]
[Date "2025.12.01"]
[Round "7.42"]
[White "Hill, Alistair"]
[Black "Laurent, Julien G."]
[Result "0-1"]
[BlackTitle "FM"]
[WhiteElo "2087"]
[BlackElo "2189"]
[WhiteFideId "432407"]
[BlackFideId "618500"]
[EventDate "2025.11.27"]

1. e4 c5 2. Nf3 g6 3. c4 Bg7 4. d4 cxd4 5. Nxd4 Nc6 6. Nc2 d6 7. Be2 Be6 8. O-O
Rc8 9. Ne3 Nf6 10. Nc3 Nd7 11. f4 Nc5 12. f5 Bd7 13. Ned5 O-O 14. Bg5 Bxc3 15.
Nxc3 f6 16. Bh6 Qb6 17. Nd5 Qxb2 18. Bxf8 Rxf8 19. Bf3 Rf7 20. Nf4 Ne5 21. Ne6
Nxe6 22. fxe6 Bxe6 23. Rb1 Qa3 24. Rxb7 Bxc4 25. Re1 Qc5+ 26. Kh1 Nd3 27. Re2
Nf2+ 28. Rxf2 Qxf2 29. Qc1 Kg7 30. a3 e6 31. Rb2 Qf1+ 32. Qxf1 Bxf1 33. Kg1 Bc4
34. Kf2 f5 35. Ke3 fxe4 36. Bxe4 d5 37. Bf3 e5 38. Rb8 Kf6 39. Rd8 Ke7 40. Ra8
Kd6 41. Rd8+ Rd7 42. Re8 d4+ 43. Kd2 Bd5 44. Bxd5 Kxd5 45. Kd3 h5 46. h4 a6 47.
a4 Rd6 48. Re7 Rc6 49. Rd7+ Ke6 50. Ra7 Kf5 51. a5 Rd6 52. Rf7+ Ke6 53. Rg7 Kd5
54. Re7 Rd8 55. g3 Rd6 56. Re8 Rd7 57. Rg8 e4+ 58. Kd2 Rd6 59. Rb8 Kc5 60. Re8
Kd5 61. Rb8 Re6 62. Ke2 Rc6 63. Rd8+ Kc4 64. Re8 e3 65. Rg8 Rd6 66. Rc8+ Kb5 67.
Kd3 Kxa5 68. Rb8 Ka4 69. Rb1 Ka3 70. Ra1+ Kb2 71. Ra4 Re6 0-1

[Event "15th London Classic Open"]
[Site "London ENG"]
[Date "2025.12.01"]
[Round "7.43"]
[White "Hryshchenko, Kamila"]
[Black "Xian, Junhao"]
[Result "0-1"]
[WhiteTitle "WFM"]
[WhiteElo "2066"]
[BlackElo "2166"]
[WhiteFideId "14147491"]
[BlackFideId "8607621"]
[EventDate "2025.11.27"]

1. e4 c5 2. Nf3 e6 3. d3 Nc6 4. g3 d5 5. Nbd2 Nf6 6. Bg2 Be7 7. O-O O-O 8. Re1
b5 9. e5 Nd7 10. Nf1 a5 11. h4 a4 12. a3 Bb7 13. Bf4 Qb6 14. Ne3 Rfc8 15. h5 h6
16. Ng4 Qd8 17. Qd2 Bf8 18. Ne3 Ra6 19. Rad1 Rb6 20. Qe2 Nd4 21. Nxd4 cxd4 22.
Ng4 Rbc6 23. Rc1 Qc7 24. Nh2 Rxc2 25. Qg4 Qa5 26. Nf3 Rxc1 27. Rxc1 Nxe5 28.
Nxe5 Rxc1+ 29. Bxc1 Qe1+ 30. Kh2 Qxc1 31. Bh3 Bc8 32. Qe2 Qc7 33. f4 Bd6 34. Nf3
Bc5 35. Qc2 Bb6 36. Qxc7 Bxc7 37. Nxd4 Bd7 38. Nc2 Kf8 39. Kg2 Ke7 40. Kf2 Bb6+
41. Ke2 Kd6 42. d4 f6 43. Kd3 Be8 44. g4 g6 45. hxg6 Bxg6+ 46. f5 Bh7 47. Ne3 e5
48. Nc2 Bg8 49. Bf1 Bf7 50. Be2 Be8 51. Kc3 Ba5+ 52. Nb4 exd4+ 53. Kxd4 Bb6+ 54.
Kd3 Ke5 55. Bf3 Bd4 56. Nxd5 Bxb2 57. Ne7 Bxa3 58. Ng8 Bf8 0-1

[Event "15th London Classic Open"]
[Site "London ENG"]
[Date "2025.12.01"]
[Round "7.44"]
[White "Panjer, Sidney"]
[Black "Mesropyan, Hayk"]
[Result "1-0"]
[WhiteElo "2287"]
[BlackElo "2136"]
[WhiteFideId "16207041"]
[BlackFideId "499455"]
[EventDate "2025.11.27"]

1. Nf3 d5 2. g3 Nf6 3. Bg2 e6 4. O-O Be7 5. d3 c5 6. Nbd2 b6 7. e4 Bb7 8. Re1
Na6 9. c3 O-O 10. e5 Nd7 11. Nf1 b5 12. h4 d4 13. h5 dxc3 14. bxc3 h6 15. N1h2
f5 16. exf6 Nxf6 17. Rxe6 Nc7 18. Re1 c4 19. Qe2 Ncd5 20. dxc4 bxc4 21. Qe6+ Kh7
22. Qf5+ Kg8 23. Ne5 Qc8 24. Qg6 Qe8 25. Bxh6 Qxg6 26. Nxg6 Bc5 27. Nxf8 Rxf8
28. Be3 Nxe3 29. fxe3 Bc8 30. Bf3 Re8 31. Kg2 Re5 32. Rad1 Bf5 33. e4 Be6 34.
Nf1 Nxh5 35. Ne3 Nf6 36. Nd5 Ng4 37. Rb1 Nf2 38. Nf4 Bd7 39. Rb8+ Kf7 40. Rb7
Ke8 41. Rb8+ Kf7 42. Bh5+ Kf6 43. Rf1 Nxe4 44. Nd3+ Rf5 45. Nxc5 Nxc5 46. Rxf5+
Bxf5 47. Be2 Be6 48. Rb4 a5 49. Rb6 Ke5 50. Rb5 Kd6 51. Rxa5 Ne4 52. Ra3 Nd2 53.
Ra6+ Ke5 54. Bf3 Nb1 55. a4 Nxc3 56. a5 Na4 57. Rc6 Bd5 58. Rc8 Be6 59. Rc7 g5
60. g4 Kd6 61. Rc6+ Kd7 62. Kg3 Nc3 63. a6 Ne2+ 64. Kf2 Bxg4 65. Rxc4 Be6 66.
Bxe2 Bxc4 67. Bxc4 Kc6 68. Kg3 Kb6 69. Kg4 1-0

[Event "15th London Classic Open"]
[Site "London ENG"]
[Date "2025.12.01"]
[Round "7.45"]
[White "Vortmeier, Jan"]
[Black "Noy, Eyal"]
[Result "1/2-1/2"]
[BlackTitle "FM"]
[WhiteElo "2152"]
[BlackElo "2275"]
[WhiteFideId "16261321"]
[BlackFideId "2821117"]
[EventDate "2025.11.27"]

1. Nf3 Nf6 2. g3 b5 3. Na3 a6 4. c4 b4 5. Nc2 e6 6. a3 bxa3 7. b3 Bb7 8. Bg2 c5
9. O-O Be7 10. Rxa3 O-O 11. Bb2 d5 12. cxd5 exd5 13. Ne5 Qb6 14. Qa1 Nc6 15. Rb1
Nxe5 16. Bxe5 d4 17. Bxb7 Qxb7 18. Bxf6 Bxf6 19. d3 Rfe8 20. Re1 Re6 21. Ra2
Qxb3 22. Na3 Qd5 23. Nc4 Be7 24. Rb2 Qh5 25. Qb1 Bf8 26. h4 Rae8 27. Rb8 Rxb8
28. Qxb8 Rxe2 29. Rxe2 Qxe2 30. Ne5 c4 31. Qe8 h6 32. Qxf7+ Kh7 33. Qf5+ Kg8 34.
Qf7+ Kh7 35. Qf5+ Kg8 36. Qe6+ 1/2-1/2

[Event "15th London Classic Open"]
[Site "London ENG"]
[Date "2025.12.01"]
[Round "7.46"]
[White "Abhyuday, Santhosh"]
[Black "Badrinath, S."]
[Result "1/2-1/2"]
[WhiteTitle "CM"]
[BlackTitle "CM"]
[WhiteElo "2094"]
[BlackElo "2200"]
[WhiteFideId "25624849"]
[BlackFideId "5029961"]
[EventDate "2025.11.27"]

1. e4 e5 2. Nf3 Nc6 3. Nc3 Nf6 4. Bb5 Bb4 5. O-O O-O 6. Bxc6 dxc6 7. d3 Qe7 8.
Ne2 Nh5 9. Bg5 f6 10. Be3 g5 11. Ng3 Nf4 12. d4 Bd6 13. Re1 Kh8 14. c3 Bg4 15.
h3 Be6 16. Nf5 Bxf5 17. exf5 Rae8 18. Bxf4 gxf4 19. Re4 Qg7 20. Kh1 Rg8 21. Qf1
Qd7 22. Nh4 exd4 23. Rxd4 c5 24. Rdd1 f3 25. Nxf3 Qxf5 26. Re1 Rd8 27. Re2 Qd5
28. a3 Rd7 29. Rae1 Rdg7 30. Re8 Bf8 31. R8e4 Rxg2 32. Qxg2 Rxg2 33. Kxg2 Kg8
34. Rf4 Kg7 35. c4 Qc6 36. Rf5 Kg6 37. Rd5 b5 38. b3 a5 39. Red1 a4 40. cxb5
Qxb5 41. b4 Qc4 42. bxc5 Bxc5 43. R1d3 Qc2 44. Rd2 Qc4 45. R2d3 Bxa3 46. R5d4
Qc5 47. Rxa4 Bb2 48. Rg4+ Kf7 49. Rd7+ Ke6 50. Rxh7 Be5 51. h4 Qc2 52. Rhg7 Qf5
53. Ra4 c5 54. Rgg4 Kd5 55. Rae4 Qxe4 56. Rxe4 Kxe4 57. h5 Bf4 58. Ne1 c4 59.
Kf1 Kf5 60. Ke2 Kg5 61. Ng2 Bc1 62. Kd1 Bb2 63. Ne3 c3 64. Nd5 f5 65. Ne3 f4 66.
Ng2 f3 67. Ne1 Kxh5 68. Nxf3 Kg4 69. Ne1 Kf4 70. Kc2 Ke4 71. Nd3 Kf3 72. Nxb2
cxb2 73. Kxb2 Kxf2 1/2-1/2

[Event "15th London Classic Open"]
[Site "London ENG"]
[Date "2025.12.01"]
[Round "7.47"]
[White "Fellowes, Billy"]
[Black "Manmay Chopra"]
[Result "1-0"]
[WhiteTitle "CM"]
[BlackTitle "CM"]
[WhiteElo "2184"]
[BlackElo "2142"]
[WhiteFideId "483540"]
[BlackFideId "25649191"]
[EventDate "2025.11.27"]

1. e4 e6 2. d4 d5 3. e5 c5 4. c3 Nc6 5. Nf3 Nge7 6. Na3 Bd7 7. Nc2 Qa5 8. Bd2
Qb6 9. Rb1 cxd4 10. cxd4 Nf5 11. Bc3 a5 12. h4 h5 13. Be2 Be7 14. g3 g6 15. Qd2
Nb4 16. a3 Nxc2+ 17. Qxc2 a4 18. O-O Bb5 19. Rbc1 Kd7 20. Bxb5+ Qxb5 21. Qd2
Rac8 22. Ng5 Nh6 23. Kg2 Rc4 24. Qf4 Ke8 25. Rfd1 Nf5 26. Bb4 Bxb4 27. axb4 Qxb4
28. Rxc4 dxc4 29. d5 Qb3 30. Rd2 c3 31. bxc3 Qxc3 32. Qxa4+ Kf8 33. Qd7 Kg7 34.
dxe6 Qc6+ 35. Qxc6 bxc6 36. exf7 c5 37. Rd7 Nd4 38. e6 1-0

[Event "15th London Classic Open"]
[Site "London ENG"]
[Date "2025.12.01"]
[Round "7.48"]
[White "Harley, Andrew D"]
[Black "Kudaibergen, Nurlykhan"]
[Result "1/2-1/2"]
[WhiteTitle "FM"]
[WhiteElo "2182"]
[BlackElo "2127"]
[WhiteFideId "401390"]
[BlackFideId "13724665"]
[EventDate "2025.11.27"]

1. e4 e5 2. Nf3 Nc6 3. Bb5 a6 4. Ba4 Nf6 5. O-O b5 6. Bb3 Bc5 7. c3 d6 8. d4 Bb6
9. Be3 O-O 10. Nbd2 Re8 11. h3 Na5 12. Bc2 c5 13. d5 c4 14. Re1 h6 15. Nf1 Nh5
16. Qd2 Bxe3 17. fxe3 g6 18. g4 Ng7 19. Qg2 Nb7 20. Kh2 Nc5 21. Ng3 a5 22. Nd2
Ba6 23. b4 cxb3 24. axb3 b4 25. c4 Bc8 26. Rf1 Re7 27. Qf3 Rb7 28. Qf6 Qxf6 29.
Rxf6 Ne8 30. Rff1 a4 31. Rfb1 a3 32. Ra2 f6 33. Rg1 Ng7 34. Bb1 Rf7 35. Ra1 Bd7
36. Ba2 Raf8 37. Raf1 Kh7 38. Ne2 f5 39. exf5 gxf5 40. Bb1 Kh8 41. g5 hxg5 42.
Rxg5 Rf6 43. Rfg1 R8f7 44. Rg6 Kh7 45. Rxf6 Rxf6 46. Nc1 Kg8 47. Na2 Na6 48. Rg3
Kf7 49. Kg2 Nh5 50. Rg5 Rg6 51. Rxg6 Kxg6 52. Nf3 Nf6 53. Ne1 e4 1/2-1/2

[Event "15th London Classic Open"]
[Site "London ENG"]
[Date "2025.12.01"]
[Round "7.49"]
[White "Kapechun, Mikhailo"]
[Black "Verbytski, Oleg"]
[Result "1-0"]
[WhiteElo "2174"]
[BlackElo "2092"]
[WhiteFideId "34147527"]
[BlackFideId "495506"]
[EventDate "2025.11.27"]

1. e4 c5 2. Nc3 e6 3. d4 cxd4 4. Qxd4 Nc6 5. Qd3 Nf6 6. Bf4 Bb4 7. Ne2 O-O 8.
O-O-O Qa5 9. Kb1 a6 10. f3 Rd8 11. a3 Bxc3 12. Qxc3 Qxc3 13. Nxc3 d5 14. Na4 b5
15. Nb6 Ra7 16. g4 d4 17. c4 bxc4 18. Bxc4 e5 19. Bg3 Nd7 20. Nxc8 Rxc8 21. Rc1
Kf8 22. Rc2 Ne7 23. Rhc1 Rb8 24. Ka2 a5 25. Bb3 a4 26. Bc4 Rab7 27. Be1 Ke8 28.
Bb4 Rb6 29. h4 f6 30. Be2 R8b7 31. Rc7 Rxc7 32. Rxc7 Kd8 33. Rc1 Nc6 34. Bd2 Ke7
35. Bd1 Ra6 36. Rc4 Nd8 37. Rxa4 Rxa4 38. Bxa4 Nb6 39. Bb4+ Kf7 40. Bb3+ Ne6 41.
a4 Nd7 42. a5 Nb8 43. Kb1 Nc6 44. Bd2 Ke7 45. a6 Nc7 46. Bc4 Kd6 47. Kc2 Kc5 48.
b3 Kb6 49. b4 Na7 50. g5 Nxa6 51. gxf6 gxf6 52. h5 Nb5 53. Bg8 h6 54. Bxh6 Nxb4+
55. Kb3 Nc6 56. Bd2 Ne7 57. h6 Ng6 58. Bf7 Nh8 59. Bh5 Nc7 60. Bb4 d3 61. Bf8
Ne6 62. Bg7 Nf4 63. Bxh8 Nxh5 64. h7 d2 65. Kc2 Nf4 66. Bxf6 Nd3 67. Kxd2 1-0